[Event "Rio de Janeiro CXG 1st"]
[Site "Rio de Janeiro"]
[Date "2016.02.27"]
[Round "1.5"]
[White "Campos, Alexandre Ferreira"]
[Black "Pinto Neto, Antonio de Padua"]
[Result "1-0"]
[WhiteElo "2147"]
[BlackElo "1925"]
[PlyCount "77"]
[EventDate "2016.02.27"]
[EventType "swiss"]
[EventRounds "6"]
[EventCountry "BRA"]
[SourceTitle "EXT 2022"]
[Source "ChessBase"]
[SourceDate "2021.10.06"]
[SourceVersion "1"]
[SourceVersionDate "2021.10.06"]
[SourceQuality "1"]

1. d4 d5 2. c4 e6 3. Nc3 c6 4. Nf3 f5 5. g3 Nf6 6. Bg2 Bd6 7. 0-0 0-0 8. Nd2 Qe7 9. Qb3 Kh8 10. e3 b6 11. Re1 Bb7 12. a4 Nbd7 13. a5 Rab8 14. axb6 axb6 15. Ra7 Ba8 16. Qa2 Qe8 17. f3 c5 18. Nb5 Qe7 19. e4 fxe4 20. fxe4 Nxe4 21. Nxe4 dxe4 22. Qb1 Bc6 23. Bxe4 Bxb5 24. cxb5 Qf6 25. Be3 cxd4 26. Rxd7 dxe3 27. Rxd6 Qf2+ 28. Kh1 e2 29. Bg2 Rbd8 30. Rxe6 Rfe8 31. R1xe2 Qxe2 32. Rxe2 Rxe2 33. Bf3 Rf2 34. Qe4 Rf8 35. Be2 h6 36. Bd3 Kg8 37. Qe3 Kh8 38. Qxb6 Rc8 39. Qxf2 1-0

[Event "Rio de Janeiro Borensztajn op 3rd"]
[Site "Rio de Janeiro"]
[Date "2015.06.28"]
[Round "6"]
[White "Pinto Neto, Antonio de Padua"]
[Black "Machado, Wallace Fernandes"]
[Result "0-1"]
[WhiteElo "1947"]
[BlackElo "1751"]
[PlyCount "86"]
[EventDate "2015.06.25"]
[EventType "swiss"]
[EventRounds "7"]
[EventCountry "BRA"]
[SourceTitle "CBM 167 Extra"]
[Source "ChessBase"]
[SourceDate "2015.09.14"]
[SourceVersion "1"]
[SourceVersionDate "2015.09.14"]
[SourceQuality "1"]

1. c4 Nf6 2. Nc3 b6 3. e4 e6 4. d4 Bb7 5. f3 d6 6. Be3 Be7 7. Bd3 0-0 8. Nge2 c6 9. Qd2 Qc7 10. 0-0 Rd8 11. Rac1 e5 12. f4 Nbd7 13. Ng3 Ng4 14. fxe5 Nxe3 15. Qxe3 dxe5 16. d5 Bc5 17. Qxc5 Nxc5 18. Bc2 Rac8 19. b4 Nd7 20. Nf5 Kf8 21. Bb3 g6 22. d6 Qb8 23. Ne7 c5 24. Nxc8 Qxc8 25. bxc5 Qxc5+ 26. Kh1 Rc8 27. Nb5 Bxe4 28. Nc7 Kg8 29. Rcd1 Qc6 30. Rd2 a5 31. c5 Rf8 32. Rdf2 Bf5 33. Nd5 Qxc5 34. Ne7+ Kg7 35. Rxf5 gxf5 36. Nxf5+ Kh8 37. h4 b5 38. Bd1 Qc4 39. Kg1 e4 40. Nh6 Qd4+ 41. Kh1 f5 42. Be2 Qc5 43. Bh5 Kg7 0-1

[Event "Rio de Janeiro Borensztajn op 3rd"]
[Site "Rio de Janeiro"]
[Date "2015.06.27"]
[Round "5"]
[White "Lima, Darcy Gustavo Macha"]
[Black "Pinto Neto, Antonio de Padua"]
[Result "1-0"]
[WhiteElo "2526"]
[BlackElo "1947"]
[PlyCount "109"]
[EventDate "2015.06.25"]
[EventType "swiss"]
[EventRounds "7"]
[EventCountry "BRA"]
[SourceTitle "CBM 167 Extra"]
[Source "ChessBase"]
[SourceDate "2015.09.14"]
[SourceVersion "1"]
[SourceVersionDate "2015.09.14"]
[SourceQuality "1"]

1. d4 d5 2. c4 e6 3. Nc3 f5 4. Nf3 Nf6 5. Bf4 Bd6 6. e3 0-0 7. Bd3 c6 8. 0-0 Qe7 9. Qc2 Ne4 10. c5 Bxf4 11. exf4 Nd7 12. b4 g5 13. Nxg5 Nxg5 14. fxg5 Qxg5 15. f4 Qg7 16. Ne2 Nf6 17. Rf3 Kh8 18. Rg3 Qh6 19. a4 Bd7 20. b5 Rg8 21. Qd2 Rxg3 22. Nxg3 Ng4 23. Nf1 Rg8 24. Rb1 Nf6 25. b6 a6 26. Be2 Ne4 27. Qe3 Qg7 28. Bf3 Bc8 29. Kh1 Qh6 30. Kg1 Nf6 31. Qe5 Qg7 32. Ng3 Ne4 33. Bxe4 dxe4 34. Nh5 Qxe5 35. dxe5 Rd8 36. Kf2 h6 37. Ke2 Kg8 38. Rd1 Rxd1 39. Kxd1 Kf8 40. Ng3 Bd7 41. Nf1 Ke8 42. Ne3 Kd8 43. Nc4 Kc8 44. Nd6+ Kb8 45. Ke2 Ka8 46. h3 h5 47. Ke3 Kb8 48. g4 fxg4 49. hxg4 hxg4 50. Kxe4 Ka8 51. Ke3 Kb8 52. Kf2 Ka8 53. Kg3 Kb8 54. Kxg4 Ka8 55. Kg5 1-0

[Event "Rio de Janeiro Estadual op"]
[Site "Rio de Janeiro"]
[Date "2015.06.07"]
[Round "5"]
[White "Pinto Neto, Antonio de Padua"]
[Black "Souza, Iago Henrique Da Si"]
[Result "0-1"]
[WhiteElo "1947"]
[BlackElo "2059"]
[PlyCount "72"]
[EventDate "2015.06.04"]
[EventType "swiss"]
[EventRounds "6"]
[EventCountry "BRA"]
[SourceTitle "CBM 167 Extra"]
[Source "ChessBase"]
[SourceDate "2015.09.14"]
[SourceVersion "1"]
[SourceVersionDate "2015.09.14"]
[SourceQuality "1"]

1. c4 g6 2. Nc3 Bg7 3. g3 d6 4. Bg2 e5 5. e4 Nc6 6. Nge2 h5 7. h4 Bg4 8. f3 Be6 9. d3 Qd7 10. Be3 Nge7 11. Qd2 Nd8 12. Nd5 c6 13. Nxe7 Qxe7 14. Nc3 Qd7 15. f4 f6 16. b3 Nf7 17. d4 Nh6 18. dxe5 dxe5 19. Qxd7+ Kxd7 20. fxe5 fxe5 21. Rf1 Ng4 22. Bg5 Rhf8 23. Ke2 Nh2 24. Rxf8 Rxf8 25. Be3 Bg4+ 26. Kd3 Kc7 27. Bg1 Rd8+ 28. Kc2 Bh6 29. Nb1 Nf3 30. Bf2 Nd4+ 31. Kb2 Ne2 32. Kc2 Nc1 33. Bxa7 Bd1+ 34. Kb2 Ne2 35. a4 Bc1+ 36. Ka2 Rd2+ 0-1

[Event "Rio de Janeiro Estadual op"]
[Site "Rio de Janeiro"]
[Date "2015.06.04"]
[Round "2"]
[White "Okamura, Milton Kasuo"]
[Black "Pinto Neto, Antonio de Padua"]
[Result "1/2-1/2"]
[WhiteElo "2089"]
[BlackElo "1947"]
[PlyCount "77"]
[EventDate "2015.06.04"]
[EventType "swiss"]
[EventRounds "6"]
[EventCountry "BRA"]
[SourceTitle "CBM 167 Extra"]
[Source "ChessBase"]
[SourceDate "2015.09.14"]
[SourceVersion "1"]
[SourceVersionDate "2015.09.14"]
[SourceQuality "1"]

1. d4 d5 2. c4 e6 3. Nf3 c6 4. e3 f5 5. g3 Nf6 6. Bg2 Bd6 7. b3 Qe7 8. Bb2 0-0 9. 0-0 b6 10. Ne5 Bb7 11. Nd2 a5 12. a3 Na6 13. Nd3 Rfc8 14. Re1 Ne4 15. f3 Nxd2 16. Qxd2 c5 17. cxd5 Bxd5 18. Qd1 cxd4 19. exd4 Qb7 20. Ne5 Bxe5 21. Rxe5 Rc6 22. Qd3 Rac8 23. Ree1 Nc7 24. Bf1 Ne8 25. Be2 Nf6 26. Rec1 Rxc1+ 27. Rxc1 Rxc1+ 28. Bxc1 Qc6 29. Bd2 Ne8 30. Kf2 Nd6 31. Bd1 Qb5 32. Qc3 Qc6 33. Qxc6 Bxc6 34. Bc3 Nb5 35. Bb2 Nc7 36. Bc1 Nd5 37. Bd2 Kf7 38. Be2 a4 39. bxa4 1/2-1/2

[Event "Rio de Janeiro Estadual op"]
[Site "Rio de Janeiro"]
[Date "2014.08.09"]
[Round "6"]
[White "Pereira, Marcos Luciano"]
[Black "Pinto Neto, Antonio de Padua"]
[Result "0-1"]
[WhiteElo "1861"]
[BlackElo "1932"]
[PlyCount "138"]
[EventDate "2014.08.02"]
[EventType "swiss"]
[EventRounds "6"]
[EventCountry "BRA"]
[SourceTitle "CBM 162 Extra"]
[Source "ChessBase"]
[SourceDate "2014.10.17"]
[SourceVersion "1"]
[SourceVersionDate "2014.10.17"]
[SourceQuality "1"]

1. d4 d5 2. Nf3 e6 3. e3 f5 4. Bd3 Nf6 5. Nbd2 Bd6 6. c4 c6 7. a3 0-0 8. b4 Nbd7 9. b5 Ne4 10. bxc6 bxc6 11. c5 Bc7 12. Qa4 Bb7 13. Bb2 Ba5 14. Ke2 Nxd2 15. Nxd2 Bxd2 16. Kxd2 Nf6 17. f3 Qe8 18. Qd1 Qc8 19. Bc3 Ba6 20. Qe2 Bxd3 21. Qxd3 Qc7 22. Rab1 Rfb8 23. g3 Rxb1 24. Rxb1 Rb8 25. Rxb8+ Qxb8 26. Qc2 Qb5 27. Qb2 Qf1 28. Qb8+ Kf7 29. Qxa7+ Kg6 30. Qc7 Qf2+ 31. Kd3 Qxf3 32. Qd6 h5 33. Qxc6 Kh7 34. Qxe6 Ng4 35. Bd2 Nf2+ 36. Kc3 Ne4+ 37. Kc2 Qf2 38. Qxd5 Qxd2+ 39. Kb3 Qxe3+ 40. Kb4 Qd2+ 41. Kb3 Qd3+ 42. Kb4 Nd2 43. c6 Nb1 44. a4 Qc3+ 45. Kb5 Na3+ 46. Ka6 Qb4 47. Qxf5+ g6 48. Qf7+ Kh6 49. Qf4+ Kh7 50. d5 Nc4 51. Qc7+ Kh6 52. a5 Nd6 53. Qb6 Qc4+ 54. Ka7 Nc8+ 55. Kb7 Nxb6 56. axb6 Qxd5 57. Kc7 Qf7+ 58. Kb8 Qe8+ 59. Kb7 Qe4 60. Kc7 Qe7+ 61. Kc8 Qe6+ 62. Kb7 Qd5 63. Kc7 Qa5 64. Kb7 Kg5 65. c7 Qd5+ 66. Kb8 Qb5 67. b7 Qe5 68. h4+ Kg4 69. Ka8 Qxc7 0-1

[Event "Rio de Janeiro Estadual-ch"]
[Site "Rio de Janeiro"]
[Date "2014.05.04"]
[Round "5"]
[White "Maia, Marco Aurelio Ferre"]
[Black "Pinto Neto, Antonio de Padua"]
[Result "1-0"]
[WhiteElo "2104"]
[BlackElo "1925"]
[PlyCount "87"]
[EventDate "2014.05.01"]
[EventType "swiss"]
[EventRounds "6"]
[EventCountry "BRA"]
[SourceTitle "CBM 160 Extra"]
[Source "ChessBase"]
[SourceDate "2014.07.01"]
[SourceVersion "1"]
[SourceVersionDate "2014.07.01"]
[SourceQuality "1"]

1. d4 d5 2. c4 e6 3. g3 c6 4. Qc2 f5 5. Bg2 Nf6 6. Nh3 Bd6 7. 0-0 0-0 8. Bf4 Qe7 9. Nd2 Kh8 10. Nf3 Nbd7 11. Bxd6 Qxd6 12. Nf4 Ne4 13. Nd3 Qe7 14. b3 Rg8 15. Nfe5 Nxe5 16. Nxe5 Bd7 17. f3 Nd6 18. Rae1 Nf7 19. Nxf7+ Qxf7 20. e4 f4 21. Qd2 fxg3 22. hxg3 Rad8 23. cxd5 cxd5 24. exd5 Bb5 25. dxe6 Qf6 26. d5 Bxf1 27. Kxf1 Rge8 28. f4 g5 29. Kg1 gxf4 30. Qxf4 Qxf4 31. gxf4 Kg7 32. Kf2 h6 33. Ke3 Kf6 34. Kd4 b6 35. Bf1 Ke7 36. Ke5 Rg8 37. Bb5 Rg3 38. Rh1 Re3+ 39. Kd4 Rxe6 40. Rh5 Rf6 41. Ke5 Rc8 42. Bc6 Rg8 43. Bb7 Rg2 44. d6+ 1-0

[Event "Rio de Janeiro Estadual-ch"]
[Site "Rio de Janeiro"]
[Date "2014.05.01"]
[Round "2"]
[White "Rodrigues, Nei Jorge"]
[Black "Pinto Neto, Antonio de Padua"]
[Result "1/2-1/2"]
[WhiteElo "2054"]
[BlackElo "1925"]
[PlyCount "138"]
[EventDate "2014.05.01"]
[EventType "swiss"]
[EventRounds "6"]
[EventCountry "BRA"]
[SourceTitle "CBM 160 Extra"]
[Source "ChessBase"]
[SourceDate "2014.07.01"]
[SourceVersion "1"]
[SourceVersionDate "2014.07.01"]
[SourceQuality "1"]

1. Nf3 d5 2. g3 c6 3. Bg2 Bg4 4. c4 e6 5. b3 Bxf3 6. Bxf3 f5 7. Bb2 Nf6 8. d3 Bd6 9. 0-0 0-0 10. Qd2 Qe7 11. Nc3 Nbd7 12. e3 Rad8 13. Rfe1 dxc4 14. bxc4 Bb4 15. a3 Ne5 16. Be2 Nxc4 17. Qc2 Nxa3 18. Bxa3 Bxa3 19. Qb3 Bb4 20. Reb1 Bxc3 21. Qxc3 a6 22. Qb3 Rd7 23. Ra5 Ne8 24. Re5 Rf6 25. d4 Nd6 26. Bd3 g5 27. f3 Nf7 28. Rc5 Kg7 29. Qc3 Rd5 30. Rc4 Nd6 31. Ra4 Nb5 32. Qb2 e5 33. Bc4 exd4 34. Re1 Re5 35. Bxb5 axb5 36. Rxd4 Rxe3 37. Rf1 Re1 38. Qd2 Qe3+ 39. Qxe3 Rxe3 40. f4 h6 41. fxg5 hxg5 42. Rd7+ Kg6 43. Rxb7 Rfe6 44. Rb8 Re1 45. Rg8+ Kh6 46. Rh8+ Kg7 47. Rh5 Rxf1+ 48. Kxf1 Kg6 49. Rh8 g4 50. Rb8 Kf6 51. Kf2 Ke5 52. Ke3 Rh6 53. Re8+ Kd5 54. Rf8 Rh5 55. Kd3 b4 56. Rd8+ Kc5 57. Rf8 Rxh2 58. Rxf5+ Kb6 59. Rf4 Kb5 60. Rxg4 c5 61. Rg8 Kc6 62. Rc8+ Kd6 63. Rb8 Rh1 64. g4 Rh3+ 65. Ke4 Ke6 66. Rb6+ Kf7 67. Kf5 Rf3+ 68. Ke5 Rf6 69. Rb7+ Kg6 1/2-1/2

[Event "Rio de Janeiro Guanabara op 2nd"]
[Site "Rio de Janeiro"]
[Date "2014.04.05"]
[Round "4"]
[White "Pinto Neto, Antonio de Padua"]
[Black "Rodrigues, Nei Jorge"]
[Result "1-0"]
[WhiteElo "1925"]
[BlackElo "2054"]
[PlyCount "95"]
[EventDate "2014.03.15"]
[EventType "swiss"]
[EventRounds "6"]
[EventCountry "BRA"]
[SourceTitle "EXT 2018"]
[Source "ChessBase"]
[SourceDate "2017.10.13"]
[SourceVersion "1"]
[SourceVersionDate "2017.10.13"]
[SourceQuality "1"]

1. c4 g6 2. g3 Bg7 3. Bg2 Nf6 4. Nc3 0-0 5. d3 d6 6. e4 c5 7. Nge2 Nc6 8. Bg5 h6 9. Bd2 a6 10. 0-0 Rb8 11. a4 Bg4 12. h3 Bd7 13. f4 Nb4 14. Be3 b5 15. axb5 axb5 16. b3 Qb6 17. Qd2 Kh7 18. d4 Rfd8 19. e5 Ne8 20. dxc5 dxc5 21. Nxb5 Bxb5 22. Qxb4 cxb4 23. Bxb6 Rxb6 24. cxb5 Rxb5 25. Rfd1 Rc8 26. Rd7 Bf8 27. Bd5 Kg8 28. Nd4 Rb6 29. Bc4 Ng7 30. g4 h5 31. Raa7 hxg4 32. hxg4 Rbb8 33. Kg2 Rc5 34. Rac7 Rxc7 35. Rxc7 Rd8 36. Nc6 Rd2+ 37. Kf3 Ne6 38. Bxe6 fxe6 39. Nxb4 Rb2 40. Rc3 g5 41. fxg5 Kf7 42. Nd3 Rb1 43. Nf4 Bg7 44. g6+ Kg8 45. Rc8+ Bf8 46. Nxe6 Rxb3+ 47. Kf4 Rb4+ 48. Kg5 1-0

[Event "Rio de Janeiro Verao op"]
[Site "Rio de Janeiro"]
[Date "2014.01.19"]
[Round "7"]
[White "Pinto Neto, Antonio de Padua"]
[Black "Diaz, Marcos"]
[Result "1-0"]
[WhiteElo "1933"]
[BlackElo "1741"]
[PlyCount "69"]
[EventDate "2014.01.10"]
[EventType "swiss"]
[EventRounds "7"]
[EventCountry "BRA"]
[SourceTitle "CBM 158 Extra"]
[Source "ChessBase"]
[SourceDate "2014.02.28"]
[SourceVersion "1"]
[SourceVersionDate "2014.02.28"]
[SourceQuality "1"]

1. c4 e5 2. e4 Nf6 3. d3 c5 4. Nc3 Nc6 5. g3 Be7 6. Bg2 0-0 7. Nge2 a6 8. 0-0 d6 9. Be3 Bg4 10. f3 Be6 11. Qd2 Qd7 12. Nd5 Bd8 13. Bg5 Bxd5 14. cxd5 Nd4 15. Nxd4 cxd4 16. Qb4 b5 17. Rfc1 Be7 18. Rc6 a5 19. Qe1 Nxd5 20. exd5 Bxg5 21. h4 Be3+ 22. Kh2 f5 23. Bh3 Qe7 24. a4 b4 25. Qd1 e4 26. dxe4 fxe4 27. Be6+ Kh8 28. fxe4 Rf6 29. Qg4 Raf8 30. Rc8 Rf2+ 31. Kh3 Rxb2 32. Rf1 Rbf2 33. Rxf2 Bxf2 34. Qg5 Qxe6+ 35. dxe6 1-0

[Event "Rio de Janeiro Verao op"]
[Site "Rio de Janeiro"]
[Date "2014.01.17"]
[Round "3"]
[White "Pinto Neto, Antonio de Padua"]
[Black "Rodrigues, Nei Jorge"]
[Result "0-1"]
[WhiteElo "1933"]
[BlackElo "2049"]
[PlyCount "242"]
[EventDate "2014.01.10"]
[EventType "swiss"]
[EventRounds "7"]
[EventCountry "BRA"]
[SourceTitle "CBM 158 Extra"]
[Source "ChessBase"]
[SourceDate "2014.02.28"]
[SourceVersion "1"]
[SourceVersionDate "2014.02.28"]
[SourceQuality "1"]

1. c4 g6 2. Nc3 Bg7 3. g3 Nf6 4. Bg2 0-0 5. b3 e5 6. e4 Nc6 7. Nge2 d6 8. 0-0 Nd7 9. d3 Nc5 10. Be3 Bg4 11. f3 Be6 12. Nd5 a5 13. Qd2 f5 14. Bg5 Qd7 15. Rab1 Rae8 16. a3 Nd4 17. Nxd4 exd4 18. b4 axb4 19. axb4 Na4 20. Qc2 Bxd5 21. cxd5 Nc3 22. Rb2 Qb5 23. Ra1 Ra8 24. Rxa8 Rxa8 25. Bf1 Ra4 26. Qb3 Ra1 27. Kg2 fxe4 28. fxe4 Nxe4 29. Bd8 Bh6 30. Qc4 Qxc4 31. dxc4 d3 32. Bxd3 Bg7 33. Re2 Nc3 34. Re8+ Kf7 35. Re7+ Kf8 36. Rxc7 Rd1 37. Be7+ Kg8 38. Bf1 Rd2+ 39. Kh3 Ne4 40. Kg4 Rxh2 41. c5 Be5 42. c6 bxc6 43. dxc6 h5+ 44. Kf3 Nd2+ 45. Ke3 Nxf1+ 46. Ke4 Bxg3 47. Rc8+ Kf7 48. Bg5 Rb2 49. Rc7+ Kf8 50. Kd5 Rxb4 51. Rc8+ Kf7 52. c7 Rb5+ 53. Kd4 Rxg5 54. Rf8+ Kxf8 55. c8Q+ Kf7 56. Qd7+ Kf6 57. Qd8+ Kf5 58. Qf8+ Kg4 59. Qxf1 Rf5 60. Qd1+ Kg5 61. Ke4 h4 62. Qg1 Re5+ 63. Kf3 Re1 64. Qb6 Be5 65. Qd8+ Kh5 66. Qd7 Rf1+ 67. Kg2 Rf5 68. Qh7+ Kg5 69. Qe7+ Rf6 70. Qd8 Kg4 71. Qc8+ Rf5 72. Qc4+ Bf4 73. Qe2+ Kg5 74. Qe7+ Rf6 75. Kh3 Be5 76. Qd8 Bg3 77. Qe7 Kf5 78. Qd7+ Re6 79. Qf7+ Ke5 80. Kg4 d5 81. Qg7+ Ke4 82. Qf7 Rd6 83. Qe7+ Kd3 84. Kf3 d4 85. Qe2+ Kc3 86. Qa2 Rf6+ 87. Ke4 Rf4+ 88. Kd5 g5 89. Qa3+ Kd2 90. Qb2+ Ke3 91. Qc1+ Kf3 92. Qh1+ Kf2 93. Kc4 g4 94. Qd1 Kg2 95. Qe2+ Bf2 96. Qd2 Rf3 97. Qg5 Kh3 98. Qh5 Rc3+ 99. Kd5 g3 100. Qf5+ Kh2 101. Qf4 Re3 102. Qxh4+ Kg1 103. Qxd4 g2 104. Qd1+ Kh2 105. Qh5+ Rh3 106. Qe5+ Kh1 107. Qe4 Rh4 108. Qf3 Be1 109. Ke6 Kh2 110. Qe2 Bg3 111. Qc2 Rf4 112. Qh7+ Bh4 113. Ke5 Rg4 114. Qc2 Kh1 115. Qc6 Bg3+ 116. Kf5 Rf4+ 117. Ke6 Rf2 118. Qc1+ g1Q 119. Qc6+ Qg2 120. Qc1+ Rf1 121. Qh6+ Bh2 0-1

[Event "Rio de Janeiro Estadual Mestres op"]
[Site "Rio de Janeiro"]
[Date "2013.11.30"]
[Round "1"]
[White "Guimaraes, Diogo Duarte"]
[Black "Pinto Neto, Antonio de Padua"]
[Result "1-0"]
[WhiteElo "2216"]
[BlackElo "1920"]
[PlyCount "81"]
[EventDate "2013.11.30"]
[EventType "swiss"]
[EventRounds "7"]
[EventCountry "BRA"]
[SourceTitle "CBM 157 Extra"]
[Source "ChessBase"]
[SourceDate "2013.12.19"]
[SourceVersion "1"]
[SourceVersionDate "2013.12.19"]
[SourceQuality "1"]

1. e4 c5 2. Nf3 d6 3. d4 cxd4 4. Nxd4 Nf6 5. Nc3 g6 6. Be2 Bg7 7. 0-0 0-0 8. Re1 Nc6 9. Nb3 Be6 10. Bg5 Rc8 11. Rb1 Na5 12. Nd5 Bxd5 13. exd5 Nxb3 14. axb3 a6 15. Bf1 Re8 16. Qd2 Qb6 17. b4 Kf8 18. c3 Qc7 19. Rbd1 Qd7 20. Qf4 Qg4 21. Qe3 Qf5 22. Bd3 Nxd5 23. Bxf5 Nxe3 24. Bxc8 Nxd1 25. Bd7 f6 26. Bxe8 fxg5 27. Rxd1 Kxe8 28. Rd5 Be5 29. b5 e6 30. bxa6 bxa6 31. Ra5 Kd7 32. Rxa6 d5 33. Kf1 h5 34. h3 Bd6 35. Ke2 e5 36. b4 g4 37. hxg4 hxg4 38. b5 g5 39. Ra7+ Ke6 40. b6 Bc5 41. Ra4 1-0